000 01042cam a2200265 a 4500
001 22710
003 BD-RjUL
005 20211209000836.0
008 1403091s1970 cn 000 0 eng d
035 _a(BD-RjUL)22775
040 _aANL
_beng
_cANL
_dDBM:G
041 _aeng
082 0 4 _a947.085
_bKHK 1971
100 1 _aKhrushchev, Nikita Sergeevich,
_d1894-1971
_970053
245 1 0 _aKhrushchev remembers /
_cwith an introduction, commentary and notes by Edward Crankshaw ; Translated and edited by Strobe Talbott.
260 _aBoston, Toronto :
_bLittle Brown,
_c1970.
300 _axxvi, 702 p. :
_billus., ports. ;
_c19 cm.
500 _a"This book is made up of material emanating from various sources at various times and in various circumstances.".
650 0 _aCommunism
_zSoviet Union
_xHistory
_xSources.
_970054
650 0 _aWorld politics
_y1945-
_970055
651 0 _aSoviet Union
_xPolitics and government
_y1953-1985.
_910905
700 1 _aTalbott, Strobe.
_970056
700 1 _aCrankshaw, Edward.
_970057
942 _2ddc
_cBK
999 _c22710
_d22710